000 02509nam0a2200421 4500
001 RU\NLR\bibl\1051693
005 20260405165648.0
010 _a5-88996-626-X
_9100
021 _aRU
_b2006-89351
_94530
035 _a(nilc)RSL-KNO-003022696
035 _a(NLR Aleph) 001039002
090 _a806591
_c806591
100 _a20070117d2006 |||y0rusy50 ca
101 0 _arus
102 _aRU
105 _ay |||||||||
106 _ar
200 1 _aТеории социального развития
_eучебное пособие
_e[для студентов, обучающихся по специальности 040201 - Социология]
_fК. М. Оганян, А. Д. Григорьев
_gФедер. агентство по образованию, Гос. образоват. учреждение высш. проф. образования "С.-Петерб. гос. инж.-экон. ун-т"
210 _aСанкт-Петербург
_cСПбГИЭУ
_d2006
215 _a158, [1] с.
_cил., табл.
_d20
300 _aНа 4-й с. обл. авт.: Оганян К.М. - д.филос.н., проф., д.чл. Акад. социал. образования РФ, д.чл. Нац. акад. ювенологии, Григорьев А.Д. - к.филос.н., доц., д.чл. Акад. социал. образования РФ
300 _aПосвящается 100-летию университета ИНЖЭКОН
320 _aБиблиогр.: с. 155-156 (47 назв.) и в подстроч. прим.
320 _aДр. произведения 1-го авт. на 4-й с. обл.
606 1 _aОбщественное развитие
_jУчебные издания для высших учебных заведений
_91332879
_3RU\NLR\auth\66239687
610 0 _aСоциология -- Социально-философская и общесоциологическая теория
686 _aС508,0
_2rubbk
686 _aС508.0я73
686 _aС59(2Р)я73
700 1 _4070
_aОганян
_bК.М.
_f1953-
_gКаджик Мартиросович
_9132517
_3RU\NLR\AUTH\770132551
701 1 _4070
_8rus
_7ca
_aГригорьев
_bА. Д.
_cканд. филос. наук
_gАнатолий Дмитриевич
_3RU\NLR\auth\7771549
_954477
801 0 _aRU
_bРКП
_c20070117
_grcr
801 1 _aRU
_bРГБ
_c20070117
801 2 _aRU
_bNLR
_c20070228
_grcr
942 _cBOOK
980 _aNB